000 00391nam a22001697a 4500
005 20160528142135.0
008 160528b xxu||||| |||| 00| 0 eng d
020 _a81-203-1475-1
041 _aeng
082 _b5845
100 _aLilien, Gary, L. & Others
_91463
245 _aMarketing Madels
260 _aNew Delhi
_bPHI,
300 _a714
650 _aManagement
_9241
942 _cBK
999 _c2075
_d2074